000 00317nam a2200121Ia 4500
008 220120s9999||||xx |||||||||||||| ||und||
082 _a510 GKP
100 _aGK publications
245 0 _aGate -2007 Mathematics
260 _aGeethanjali
_bIBM learning services
_c2007
300 _b0
650 _aPROGRAMMING LANGUAGE
999 _c137049
_d137049